| 000 | 00671nam a22002297a 4500 | ||
|---|---|---|---|
| 005 | 20170124110026.0 | ||
| 010 | _aA-048471 | ||
| 020 |
_c00.00 _a041683866 |
||
| 035 | _aA-048471 | ||
| 037 | _bCen Lib/Ret | ||
| 040 |
_aDPL _bEN |
||
| 082 |
_a575.1 _bHAR |
||
| 245 |
_aHeredity & environment / _cedited by A.H.Halsey _b |
||
| 260 |
_aLondon _bMethuen & co. ltd _c1977 |
||
| 270 |
_aLondon _bLondon |
||
| 300 |
_a337p. _c20cm(Hb) |
||
| 500 | _aIncludes bibliographical reference | ||
| 650 |
_aHeredity, Human _920756 |
||
| 650 |
_aHuman beings--Effect of environment on _920757 |
||
| 700 |
_920680 _aHalsey, A.H. |
||
| 942 |
_2ddc _cEN _h575.1 _mHAR |
||
| 999 |
_c127530 _d127530 |
||